[Event "Pucallpa op 1st"]
[Site "Pucallpa"]
[Date "2020.02.29"]
[Round "2"]
[White "Julca Shuna, Raul"]
[Black "Contreras, Jose"]
[Result "0-1"]
[WhiteElo "1335"]
[BlackElo "2102"]
[PlyCount "114"]
[EventDate "2020.02.29"]
[EventType "swiss"]
[EventRounds "6"]
[EventCountry "PER"]
[SourceTitle "CBM 195 Extra"]
[Source "ChessBase"]
[SourceDate "2020.05.31"]
[SourceVersion "1"]
[SourceVersionDate "2020.05.31"]
[SourceQuality "1"]

1. e4 g6 2. Nc3 Bg7 3. d4 d6 4. Nf3 Nf6 5. Bc4 0-0 6. Qe2 c6 7. a4 Bg4 8. Be3 Nbd7 9. 0-0 e5 10. d5 Nb6 11. Bxb6 Qxb6 12. Rab1 Nh5 13. Qe3 c5 14. Nd2 f5 15. exf5 gxf5 16. Be2 Bxe2 17. Qxe2 Nf4 18. Qf3 Rf6 19. Ne2 Ng6 20. Ng3 Qb4 21. c3 Qxa4 22. Nh5 Rf7 23. Ra1 Qh4 24. Ng3 Ne7 25. c4 a6 26. Qb3 Ng6 27. Nf3 Qd8 28. Qc2 e4 29. Nd2 Qg5 30. Ra3 Nf4 31. Re1 Kh8 32. Ndf1 Nd3 33. Rxd3 exd3 34. Qxd3 f4 35. Ne4 Qg6 36. b3 Bd4 37. Nfd2 Rg8 38. Qf3 Rfg7 39. g3 fxg3 40. hxg3 Rf7 41. Qg2 Rgf8 42. Rf1 Kg7 43. Qh3 Re7 44. Qh4 Rfe8 45. Re1 Bc3 46. Re3 Bxd2 47. Nxd2 Rxe3 48. fxe3 Rxe3 49. Nf1 Re1 50. Qf4 h5 51. Kf2 Rxf1+ 52. Kxf1 Qf6 53. Kg2 Qxf4 54. gxf4 Kf6 55. Kg3 b5 56. cxb5 axb5 57. Kh4 c4 0-1